| 000 | 00588nam a22001937a 4500 | ||
|---|---|---|---|
| 999 |
_c527820 _d527820 |
||
| 003 | NUST | ||
| 005 | 20190817060655.0 | ||
| 008 | 190817b ||||| |||| 00| 0 eng d | ||
| 038 | _aMr. Noman | ||
| 082 | _a510 | ||
| 100 |
_aJamil, Bismah _916784 |
||
| 245 |
_aThe Classification of a Class of Plane Symmetric Static Spacetimes According to Their Noether Symmteries / _cBismah Jamil. |
||
| 260 |
_aIslamabad: _bCAMP - NUST, _c2012. |
||
| 300 |
_a99 p.: ill.; _c35cm. |
||
| 500 | _aHardcover. | ||
| 650 |
_aM Phil Thesis. _919286 |
||
| 700 |
_aTooba Feroze. _917102 |
||
| 942 |
_2ddc _cTHE |
||